00275nam a2200097Ia 4500008004100000082002000041100003000061245004100091260003700132300000800169150731s2012 xx 000 0 und d a615.53bCH 12 S aSHASHTRI PANDIT KASHINATH aCARAKA SAMHITA- HINDI VYAKHYA BHAG-1 bCHAUKHAMBHA PUB. NEW DELHIc2012 a920